José de Ribera (Record no. 1460)

MARC details
000 -CABECERA
campo de control de longitud fija 00974nam a2200253 a 4500
001 - NÚMERO DE CONTROL
campo de control BRCA_1664
005 - FECHA Y HORA DE LA ÚLTIMA TRANSACCIÓN
campo de control 20190320203510.0
008 - DATOS DE LONGITUD FIJA--INFORMACIÓN GENERAL
campo de control de longitud fija 100408s2005----sp-a---###---#000-0#spa-#
020 ## - NÚMERO INTERNACIONAL ESTÁNDAR DEL LIBRO
Número Internacional Estándar del Libro 8495610817
041 ## - CÓDIGO DE LENGUA
Código de lengua del texto/banda sonora o título independiente spa
044 ## - CÓDIGO DEL PAÍS DE LA ENTIDAD EDITORA/PRODUCTORA
Código MARC del país sp
050 #4 - SIGNATURA TOPOGRÁFICA DE LA BIBLIOTECA DEL CONGRESO
Número de clasificación ND813.R5
Número de documento/Ítem .J6 2005
245 10 - MENCIÓN DE TÍTULO
Título José de Ribera
Resto del título bajo el signo de Caravaggio, 1613-1633.
260 ## - PUBLICACIÓN, DISTRIBUCIÓN, ETC.
Lugar de publicación, distribución, etc. Barcelona
Nombre del editor, distribuidor, etc. Caja Duero
Fecha de publicación, distribución, etc. 2005
300 ## - DESCRIPCIÓN FÍSICA
Extensión 142 p.
Otras características físicas il. (algunas a color), fotografías
Dimensiones 31 cm.
500 ## - NOTA GENERAL
Nota general Catálogo de la exposición realizada en la Sala de Exposiciones San Eloy (Salamanca, España), abril-junio, 2005
500 ## - NOTA GENERAL
Nota general Incluye piezas de la colección Franz Mayer: p. 48-49
504 ## - NOTA DE BIBLIOGRAFÍA, ETC.
Nota de bibliografía, etc. Bibliografía: p. 135-142
600 14 - PUNTO DE ACCESO ADICIONAL DE MATERIA--NOMBRE DE PERSONA
Nombre de persona Ribera, José de
Fechas asociadas al nombre 1591-1652
Subdivisión de forma Catálogos
9 (RLIN) 5185
600 14 - PUNTO DE ACCESO ADICIONAL DE MATERIA--NOMBRE DE PERSONA
Nombre de persona Caravaggio, Michelangelo Merisi da
Fechas asociadas al nombre 1571-1610
Subdivisión general Crítica e interpretación
9 (RLIN) 5186
650 14 - PUNTO DE ACCESO ADICIONAL DE MATERIA--TÉRMINO DE MATERIA
Término de materia o nombre geográfico como elemento de entrada Pintores y grabadores
Subdivisión cronológica Siglo XVI-XVII
Subdivisión geográfica España
9 (RLIN) 5187
650 14 - PUNTO DE ACCESO ADICIONAL DE MATERIA--TÉRMINO DE MATERIA
Término de materia o nombre geográfico como elemento de entrada Barroco
Subdivisión geográfica España
9 (RLIN) 5188
942 ## - ELEMENTOS DE PUNTO DE ACCESO ADICIONAL (KOHA)
Fuente del sistema de clasificación o colocación Library of Congress Classification
Tipo de ítem Koha Libros
Holdings
Estado de retiro Estado de pérdida Estado dañado No para préstamo Localización permanente Ubicación/localización actual Fecha de adquisición Total de préstamos Signatura topográfica completa Código de barras Fecha visto por última vez Precio válido a partir de Tipo de ítem Koha
El ejemplar forma parte de la colección y puede ser consultado según las políticas vigentes.       Biblioteca del Museo Franz Mayer (Rogerio Casas-Alatriste) Biblioteca del Museo Franz Mayer (Rogerio Casas-Alatriste) 27/06/2008   ND813.R5 .J6 2005 02237 22/03/2019 22/03/2019 Libros